Aseptic processing and packaging of particulate foods

Wedi'i Gadw mewn:
Manylion Llyfryddiaeth
Prif Awdur: Willhoft, Edward M.A.
Fformat: Llyfr
Iaith:Undetermined
Cyhoeddwyd: New York,London Blackie Academic & Professional 1993
Pynciau:
Tagiau: Ychwanegu Tag
Dim Tagiau, Byddwch y cyntaf i dagio'r cofnod hwn!
Thư viện lưu trữ: Trung tâm Học liệu Trường Đại học Cần Thơ
LEADER 00668nam a2200217Ia 4500
001 CTU_126300
008 210402s9999 xx 000 0 und d
082 |a 664.02 
082 |b W689 
100 |a Willhoft, Edward M.A. 
245 0 |a Aseptic processing and packaging of particulate foods 
245 0 |c edited by Edward M.A. Willhoft 
260 |a New York,London 
260 |b Blackie Academic & Professional 
260 |c 1993 
526 |a Bao bì thực phẩm,Bao bì thực phẩm 
526 |b NN226,SP494 
650 |a Food,Particles 
650 |x Preservation 
904 |i Nguyên 
980 |a Trung tâm Học liệu Trường Đại học Cần Thơ